书目信息 |
| 题名: |
黄土高原土壤侵蚀治理的生态环境效应
|
|
| 作者: | 姚文艺 , 李占斌 , 康玲玲 著 | |
| 分册: | ||
| 出版信息: | 北京 科学出版社 2005 |
|
| 页数: | 231页 | |
| 开本: | 24cm | |
| 丛书名: | ||
| 单 册: | ||
| 中图分类: | S157.1 | |
| 科图分类: | ||
| 主题词: | 土壤侵蚀 , 生态环境 | |
| 电子资源: | ||
| ISBN: | 7-03-015187-9 | |
| 000 | 01224nam0 2200313 450 | |
| 001 | 002956495 | |
| 005 | 20070805110726.78 | |
| 010 | @a7-03-015187-9@dCNY45.00 | |
| 035 | @a002956495 | |
| 100 | @a20050628d2005 em y0chiy0110 ea | |
| 101 | 0 | @achi |
| 102 | @aCN@b110000 | |
| 105 | @aa z 000yy | |
| 106 | @ar | |
| 200 | 1 | @a黄土高原土壤侵蚀治理的生态环境效应@Ahuang tu gao yuan tu rang qin shi zhi li de sheng tai huan jing xiao ying@f姚文艺,李占斌,康玲玲著@Fyao wen yi, li zhan bin, kang ling ling zhu |
| 210 | @a北京@c科学出版社@d2005 | |
| 215 | @a231页@c图@d24cm | |
| 300 | @a国家自然科学基金委员会 水利部黄河水利委员会 黄河联合研究基金重点项目(50239080)资助 | |
| 330 | @a本书主要研究了流域地貌动态发育过程与侵蚀产沙时空变化特征;对黄土高原不同类型区的综合治理措施组合体系进行了总结,研究了水土保持措施对洪水过程的影响;从多方面系统地研究了流域治理对农业生态环境因子的影响。 | |
| 606 | 0 | @a土壤侵蚀 |
| 606 | 0 | @a生态环境 |
| 607 | @a黄土高原@x土壤侵蚀@x治理@x生态环境@x研究 | |
| 607 | @a黄土高原 | |
| 690 | @aS157.1@v4 | |
| 701 | 0 | @a姚文艺@Ayao wen yi@4著 |
| 701 | 0 | @a李占斌@Ali zhan bin@4著 |
| 701 | 0 | @a康玲玲@Akang ling ling@4著 |
| 801 | 0 | @aCN@bNLC@c20070805 |
| 905 | @dS157.1@e67@f4 | |
| 黄土高原土壤侵蚀治理的生态环境效应/姚文艺,李占斌,康玲玲著.-北京:科学出版社,2005 |
| 231页:图;24cm |
| 国家自然科学基金委员会 水利部黄河水利委员会 黄河联合研究基金重点项目(50239080)资助 |
| ISBN 7-03-015187-9:CNY45.00 |
| 本书主要研究了流域地貌动态发育过程与侵蚀产沙时空变化特征;对黄土高原不同类型区的综合治理措施组合体系进行了总结,研究了水土保持措施对洪水过程的影响;从多方面系统地研究了流域治理对农业生态环境因子的影响。 |
| ● |
| 相关链接 |
|
|
|
|
正题名:黄土高原土壤侵蚀治理的生态环境效应
索取号:S157.1/67
 
预约/预借
| 序号 | 登录号 | 条形码 | 馆藏地/架位号 | 状态 | 备注 |
| 1 | 0852600 | 208526004 | 第二样本阅览室/ [索取号:S157.1/67] | 在馆 | |
| 2 | 0852601 | 208526013 | 第三借阅区/ [索取号:S157.1/67] | 在馆 | |
| 3 | 0852602 | 208526022 | 第三借阅区/ [索取号:S157.1/67] | 在馆 | |
| 4 | 0852603 | 208526031 | 第三借阅区/ [索取号:S157.1/67] | 在馆 |